书目信息 |
| 题名: |
汽车底盘构造与维修
|
|
| 作者: | 祖国海 主编 | |
| 分册: | ||
| 出版信息: | 北京 中国劳动社会保障出版社 2015.9 |
|
| 页数: | 322页 | |
| 开本: | 26cm | |
| 丛书名: | ||
| 单 册: | ||
| 中图分类: | U463.1 , U472.41 | |
| 科图分类: | ||
| 主题词: | 汽车--底盘--构造--中等专业学校--教材 , 汽车--底盘--维修--中等专业学校--教材 | |
| 电子资源: | ||
| ISBN: | 978-7-5167-1986-2 | |
| 000 | 01007nam0 2200289 450 | |
| 001 | 0400001715 | |
| 005 | 20171025165655.26 | |
| 010 | @a978-7-5167-1986-2@dCNY37.00 | |
| 100 | @a20160109e20172015em y0chiy50 ea | |
| 101 | 0 | @achi |
| 102 | @aCN@b110000 | |
| 105 | @aa z 000yy | |
| 106 | @ar | |
| 200 | 1 | @a汽车底盘构造与维修@9qi che di pan gou zao yu wei xiu@f人力资源和社会保障部教材办公室组织编写 |
| 205 | @a第2版 | |
| 210 | @a北京@c中国劳动社会保障出版社@d2015.9@h2017.5 | |
| 215 | @a322页@c图@d26cm | |
| 300 | @a国家级职业教育规划教材 全国中等职业技术学校汽车类专业教材 汽车维修专业方向 | |
| 314 | @a书中题:祖国海主编 | |
| 330 | @a本书的主要内容包括汽车传动系、行驶系、转向系、制动系等结构、原理、维修与简单故障排除等。 | |
| 606 | 0 | @a汽车@x底盘@x构造@x中等专业学校@j教材 |
| 606 | 0 | @a汽车@x底盘@x维修@x中等专业学校@j教材 |
| 690 | @aU463.1@v5 | |
| 690 | @aU472.41@v5 | |
| 701 | 0 | @a祖国海@9zu guo hai@4主编 |
| 801 | 0 | @aCN@b91MARC@c20171019 |
| 905 | @b1030341-5@dU463.1@f5@e506=2 | |
| 汽车底盘构造与维修/人力资源和社会保障部教材办公室组织编写.-第2版.-北京:中国劳动社会保障出版社,2015.9(2017.5) |
| 322页:图;26cm |
| 国家级职业教育规划教材 全国中等职业技术学校汽车类专业教材 汽车维修专业方向 |
| ISBN 978-7-5167-1986-2:CNY37.00 |
| 本书的主要内容包括汽车传动系、行驶系、转向系、制动系等结构、原理、维修与简单故障排除等。 |
| ● |
| 相关链接 |
|
|
|
|
正题名:汽车底盘构造与维修
索取号:U463.1/506=2
 
预约/预借
| 序号 | 登录号 | 条形码 | 馆藏地/架位号 | 状态 | 备注 |
| 1 | 1030341 | 210303410 | 第二样本阅览室/ [索取号:U463.1/506=2] | 在馆 | |
| 2 | 1030342 | 210303429 | 密集书库-物理学院/ [索取号:U463.1/506=2] | 在馆 | |
| 3 | 1030343 | 210303438 | 第三借阅区/ [索取号:U463.1/506=2] | 在馆 | |
| 4 | 1030344 | 210303447 | 第三借阅区/ [索取号:U463.1/506=2] | 在馆 | |
| 5 | 1030345 | 210303456 | 第三借阅区/ [索取号:U463.1/506=2] | 在馆 |